[Event "Junior Online 4NCL Division 3"]
[Site "online"]
[Date "2020.06.04"]
[Round "8.61"]
[White "Fellowes, Billy"]
[Black "Brightley-Davies, Ciaran"]
[Result "1-0"]
[WhiteElo "1592"]
[BlackElo "1637"]
[PlyCount "163"]
[EventDate "2020.06.04"]
[WhiteTeam "Warwickshire Bears B"]
[BlackTeam "KJCA Young Kestrels C"]

1. d4 e6 2. Bf4 Nf6 3. Nf3 d5 4. Nc3 Bb4 5. e3 O-O 6. Bd3 Nbd7 7. O-O c5 8. Nb5
a6 9. Nc3 c4 10. Be2 Bxc3 11. bxc3 Ne4 12. Qe1 Qa5 13. Ng5 Ndf6 14. Bf3 h6 15.
Nxe4 dxe4 16. Be2 Nd5 17. Bxc4 Qxc3 18. Bxd5 Qxe1 19. Rfxe1 exd5 20. Rab1 b5
21. a4 Bd7 22. axb5 Bxb5 23. Bd6 Rfc8 24. Bc5 Rc6 25. Rb2 Rac8 26. Ra1 Rg6 27.
g3 Rf6 28. Kg2 Rcc6 29. c3 Rf3 30. Kh3 Rcf6 31. Kg2 Re6 32. h4 f5 33. Kh3 g5
34. hxg5 hxg5 35. Kg2 Rh6 36. Rh1 Rxh1 37. Kxh1 f4 38. gxf4 gxf4 39. exf4 Rxf4
40. Kg2 Rf3 41. Rb3 Kf7 42. Bd6 Ke6 43. Be5 Kd7 44. Ra3 Kc6 45. Bg7 Bc4 46. Be5
Kb5 47. Bc7 Kc6 48. Ba5 Kd7 49. Bb4 Ke6 50. Ra5 Bb5 51. Ra1 Rxc3 52. Bxc3 Kf5
53. Rh1 Kg4 54. Rh6 Kf5 55. Kg3 Be2 56. Rd6 Bc4 57. f3 e3 58. Be1 e2 59. Rd7
Ke6 60. Rh7 Kd6 61. Kf4 Kc6 62. Ke5 Kb5 63. Kd6 a5 64. Rb7+ Ka4 65. Ra7 Kb3 66.
Rxa5 Kc2 67. Rxd5 Kd1 68. Bc3 Bxd5 69. Kxd5 e1=Q 70. Bxe1 Kxe1 71. f4 Kd2 72.
f5 Ke3 73. f6 Kd3 74. f7 Kc2 75. f8=Q Kb2 76. Qc5 Kb3 77. Qc4+ Kb2 78. Kc5 Ka3
79. Qb5 Ka2 80. Kc4 Ka1 81. Kc3 Ka2 82. Qb2# 1-0

[Event "Junior Online 4NCL Division 3"]
[Site "online"]
[Date "2020.06.04"]
[Round "8.62"]
[White "Mehta, Shaurya"]
[Black "Kukreja, Karan"]
[Result "0-1"]
[WhiteElo "1615"]
[BlackElo "1540"]
[PlyCount "66"]
[EventDate "2020.06.04"]
[WhiteTeam "KJCA Young Kestrels C"]
[BlackTeam "Warwickshire Bears B"]

1. e4 c6 2. d4 d5 3. exd5 cxd5 4. c4 Nf6 5. Bg5 Bg4 6. f3 Bf5 7. Bxf6 exf6 8.
Nc3 dxc4 9. Bxc4 Bb4 10. Nge2 O-O 11. O-O Qb6 12. Qb3 Bxc3 13. Qxb6 axb6 14.
bxc3 Nc6 15. Ng3 Bg6 16. Rab1 Na5 17. Bd5 Bxb1 18. Rxb1 Rac8 19. Ne2 Rfe8 20.
Kf2 Red8 21. Be4 Rd6 22. Ke3 g6 23. g4 Re8 24. Kd3 Re7 25. Nf4 Red7 26. Nd5
Rxd5 27. Bxd5 Rxd5 28. Rxb6 Kg7 29. c4 Rd7 30. c5 Nc6 31. d5 Rxd5+ 32. Kc4 Rd4+
33. Kb5 Rb4# 0-1

[Event "Junior Online 4NCL Division 3"]
[Site "online"]
[Date "2020.06.04"]
[Round "8.63"]
[White "Johal, Amrissa Kaur"]
[Black "Oprea, Danny"]
[Result "0-1"]
[WhiteElo "1487"]
[BlackElo "1630"]
[PlyCount "120"]
[EventDate "2020.06.04"]
[WhiteTeam "Warwickshire Bears B"]
[BlackTeam "KJCA Young Kestrels C"]

1. d4 d5 2. Nc3 Nf6 3. Bg5 h6 4. Bxf6 exf6 5. e4 dxe4 6. Nxe4 Bf5 7. Nc3 Bb4 8.
Nf3 O-O 9. Bd3 Bxc3+ 10. bxc3 Bxd3 11. Qxd3 Re8+ 12. Kd2 Qd7 13. Rhe1 Nc6 14.
Rxe8+ Rxe8 15. Re1 Rd8 16. Ke2 Re8+ 17. Kf1 Rxe1+ 18. Kxe1 Qe6+ 19. Qe3 Qxa2
20. Qe2 Qe6 21. Kf1 Qxe2+ 22. Kxe2 Kf8 23. c4 Ke7 24. d5 Ne5 25. Ke3 Nxc4+ 26.
Kd3 Ne5+ 27. Nxe5 fxe5 28. Ke4 Kd6 29. c3 f6 30. g3 a5 31. c4 a4 32. Kd3 Kc5
33. Kc3 b5 34. cxb5 Kxb5 35. f4 Kc5 36. fxe5 fxe5 37. d6 cxd6 38. h4 e4 39. Kc2
Kc4 40. g4 e3 41. g5 hxg5 42. hxg5 g6 43. Kc1 Kc3 44. Kd1 Kb2 45. Ke2 a3 46.
Kxe3 a2 47. Ke4 a1=Q 48. Kd5 Qg1 49. Kxd6 Qxg5 50. Ke6 Qf5+ 51. Ke7 g5 52. Kd6
Qe4 53. Kc5 Qd3 54. Kb4 Qc2 55. Kb5 Qc3 56. Ka4 Qb3+ 57. Ka5 Kc3 58. Ka6 Kc4
59. Ka7 Kc5 60. Ka8 Kc6 0-1

[Event "Junior Online 4NCL Division 3"]
[Site "online"]
[Date "2020.06.04"]
[Round "8.64"]
[White "Ajili, Nour"]
[Black "Jayaprabu, Jaden"]
[Result "1-0"]
[WhiteElo "1547"]
[BlackElo "1480"]
[PlyCount "69"]
[EventDate "2020.06.04"]
[WhiteTeam "KJCA Young Kestrels C"]
[BlackTeam "Warwickshire Bears B"]

1. e4 e5 2. Nf3 Nc6 3. Bc4 Bc5 4. c3 Nf6 5. d4 exd4 6. cxd4 Bb4+ 7. Bd2 Nxe4 8.
Bxb4 Nxb4 9. Bxf7+ Kxf7 10. Qb3+ Ke8 11. Qxb4 d5 12. O-O b6 13. Re1 Bb7 14. Nc3
Qe7 15. Qxe7+ Kxe7 16. Nxe4 dxe4 17. Nd2 Kd7 18. Nxe4 Rhe8 19. Ng3 Re6 20. Rxe6
Kxe6 21. Re1+ Kf7 22. Nf5 Rd8 23. Re7+ Kg6 24. Rxc7 Kxf5 25. Rxb7 Rxd4 26. f3
Kf4 27. Rxg7 Ke3 28. Re7+ Kd2 29. Rxh7 Ke2 30. Re7+ Kd2 31. Rxa7 Ke2 32. Re7+
Kd2 33. Kf2 Kc2 34. Re2+ Kb1 35. a3 1-0

[Event "Junior Online 4NCL Division 3"]
[Site "online"]
[Date "2020.06.04"]
[Round "8.65"]
[White "Brightley-Davies, Ciaran"]
[Black "Fellowes, Billy"]
[Result "0-1"]
[WhiteElo "1637"]
[BlackElo "1592"]
[PlyCount "116"]
[EventDate "2020.06.04"]
[WhiteTeam "KJCA Young Kestrels C"]
[BlackTeam "Warwickshire Bears B"]

1. e4 Nc6 2. Nf3 d6 3. d4 Nf6 4. Nc3 Bg4 5. Be2 e5 6. d5 Ne7 7. h3 Bh5 8. O-O
Qd7 9. Be3 Ng6 10. Bb5 c6 11. dxc6 bxc6 12. Be2 Nf4 13. Bxf4 exf4 14. e5 dxe5
15. Nxe5 Qxd1 16. Raxd1 Bxe2 17. Nxe2 c5 18. Nxf4 Be7 19. Nc6 Rc8 20. Nxe7 Kxe7
21. Rfe1+ Kf8 22. Nd5 Nxd5 23. Rxd5 c4 24. c3 g6 25. Rd4 Kg7 26. Re7 a5 27. Ra7
Rc5 28. a3 Re8 29. Kf1 Rce5 30. Rd1 Re2 31. Rb1 Rc2 32. Rxa5 Ree2 33. Rg5 Rxf2+
34. Kg1 Rxb2 35. Rxb2 Rxb2 36. Rg4 Rb3 37. Rxc4 Rxa3 38. Rc8 f5 39. c4 Kf6 40.
c5 Rc3 41. Rc7 h5 42. c6 Kg5 43. Rc8 Kh4 44. Kh2 f4 45. c7 g5 46. Ra8 Rxc7 47.
Ra4 Rc3 48. Ra2 g4 49. hxg4 hxg4 50. Rf2 g3+ 51. Kg1 gxf2+ 52. Kxf2 Rc2+ 53.
Kg1 Kg3 54. Kf1 Rxg2 55. Ke1 f3 56. Kf1 Re2 57. Kg1 f2+ 58. Kf1 Re1# 0-1

[Event "Junior Online 4NCL Division 3"]
[Site "online"]
[Date "2020.06.04"]
[Round "8.66"]
[White "Kukreja, Karan"]
[Black "Mehta, Shaurya"]
[Result "1-0"]
[WhiteElo "1540"]
[BlackElo "1615"]
[PlyCount "77"]
[EventDate "2020.06.04"]
[WhiteTeam "Warwickshire Bears B"]
[BlackTeam "KJCA Young Kestrels C"]

1. d4 d5 2. Bf4 Nc6 3. e3 a6 4. Nf3 Bf5 5. Bd3 Bg4 6. Nbd2 Nf6 7. a3 e6 8. h3
Bh5 9. O-O Bd6 10. Bxd6 Qxd6 11. b4 O-O 12. c4 Ne7 13. c5 Qd7 14. Be2 Bxf3 15.
Nxf3 Ng6 16. Bd3 c6 17. Bxg6 fxg6 18. Ne5 Qd8 19. Rb1 Ne4 20. Qc2 Qh4 21. f4 g5
22. fxg5 Qxg5 23. Qd3 Ng3 24. Rxf8+ Rxf8 25. Nf3 Qf6 26. Kh2 Ne4 27. Rf1 Qg6
28. Qe2 Ng3 29. Qe1 Nxf1+ 30. Qxf1 Qe4 31. Qe2 h6 32. Ne5 Qb1 33. Qg4 Qf5 34.
Qe2 Qf1 35. Qg4 Rf5 36. Ng6 Rf6 37. Nf4 Rf5 38. Nxe6 Kh7 39. Qxg7# 1-0

[Event "Junior Online 4NCL Division 3"]
[Site "online"]
[Date "2020.06.04"]
[Round "8.67"]
[White "Oprea, Danny"]
[Black "Johal, Amrissa Kaur"]
[Result "1-0"]
[WhiteElo "1630"]
[BlackElo "1487"]
[PlyCount "125"]
[EventDate "2020.06.04"]
[WhiteTeam "KJCA Young Kestrels C"]
[BlackTeam "Warwickshire Bears B"]

1. c4 e5 2. g3 Nf6 3. Bg2 Nc6 4. Nc3 Bc5 5. e3 d6 6. Nge2 Be6 7. b3 d5 8. cxd5
Nxd5 9. O-O Nxc3 10. dxc3 Qd6 11. Qxd6 Bxd6 12. c4 O-O 13. h3 Ne7 14. Bxb7 Rab8
15. Bg2 Ng6 16. Bb2 Rfd8 17. Rad1 Bc5 18. Nc3 Be7 19. Nb5 Rxd1 20. Rxd1 h6 21.
Nxc7 Rd8 22. Rxd8+ Bxd8 23. Nxe6 fxe6 24. Kf1 Bc7 25. Ke2 Kf7 26. Kd3 Kf6 27.
c5 Kf5 28. Kc4 Ne7 29. Kb5 Nd5 30. e4+ Kf6 31. exd5 exd5 32. Bxd5 Kf5 33. Bg2
e4 34. c6 g5 35. Bd4 Bb8 36. Ka6 h5 37. Bxa7 Bc7 38. Bb6 e3 39. Bxe3 g4 40. h4
Ke6 41. Bb6 Kd6 42. Bxc7+ Kxc7 43. b4 Kc8 44. b5 Kc7 45. b6+ Kb8 46. c7+ Kc8
47. b7+ Kxc7 48. Ka7 Kd6 49. b8=Q+ Kc5 50. Qh8 Kc4 51. Qxh5 Kd3 52. Qxg4 Kc3
53. Qe4 Kd2 54. Qf3 Ke1 55. h5 Kd2 56. h6 Kc1 57. h7 Kd2 58. h8=R Ke1 59. Re8+
Kd2 60. Qd5+ Kc2 61. Rc8+ Kb2 62. Qb3+ Ka1 63. Rc1# 1-0

[Event "Junior Online 4NCL Division 3"]
[Site "online"]
[Date "2020.06.04"]
[Round "8.68"]
[White "Jayaprabu, Jaden"]
[Black "Ajili, Nour"]
[Result "0-1"]
[WhiteElo "1480"]
[BlackElo "1547"]
[PlyCount "40"]
[EventDate "2020.06.04"]
[WhiteTeam "Warwickshire Bears B"]
[BlackTeam "KJCA Young Kestrels C"]

1. e4 e5 2. Nf3 Nc6 3. Bc4 Nf6 4. Ng5 d5 5. exd5 Na5 6. Bb5+ Bd7 7. Qe2 Bd6 8.
d3 Bxb5 9. c4 Bd7 10. a3 Nb3 11. Qc2 Nxa1 12. Qc3 O-O 13. b4 Nc2+ 14. Qxc2 Bf5
15. Bb2 Nxd5 16. Nf3 Nf4 17. Nxe5 Bxe5 18. Bxe5 Nxd3+ 19. Kd2 Nxe5+ 20. Ke3
Bxc2 0-1

[Event "Junior Online 4NCL Division 3"]
[Site "online"]
[Date "2020.06.04"]
[Round "8.71"]
[White "Xia, Weiquan"]
[Black "Whelan, Joseph"]
[Result "0-1"]
[WhiteElo "1480"]
[BlackElo "1547"]
[PlyCount "80"]
[EventDate "2020.06.04"]
[WhiteTeam "Warwickshire Bears C"]
[BlackTeam "4 Gems"]

1. d4 c5 2. dxc5 e5 3. Nf3 Bxc5 4. Nxe5 Qa5+ 5. Bd2 Bxf2+ 6. Kxf2 Qxe5 7. Ke1
Nf6 8. Bc3 Qe6 9. Bd2 Ne4 10. e3 Qf6 11. Qf3 Qxf3 12. gxf3 Ng5 13. Bd3 Nxf3+
14. Kd1 d5 15. Bb5+ Nc6 16. Nc3 Bg4 17. Kc1 Nxd2 18. Kxd2 Be6 19. Rag1 O-O 20.
h4 Ne5 21. Be2 Rad8 22. h5 h6 23. Ke1 d4 24. exd4 Rxd4 25. Nb5 Re4 26. Kd1 Rd8+
27. Bd3 Nxd3 28. cxd3 Rxd3+ 29. Kc1 Rc4+ 30. Kb1 Bf5 31. Ka1 Be6 32. Nxa7 Ra4
33. a3 Rxa7 34. Rc1 Kh7 35. Rhg1 b5 36. Kb1 Bf5 37. Ka1 b4 38. Ka2 bxa3 39.
bxa3 Raxa3+ 40. Kb2 Rdb3# 0-1

[Event "Junior Online 4NCL Division 3"]
[Site "online"]
[Date "2020.06.04"]
[Round "8.72"]
[White "Gogia, Abeer"]
[Black "Vas, Ethan"]
[Result "1-0"]
[WhiteElo "1427"]
[BlackElo "1412"]
[PlyCount "101"]
[EventDate "2020.06.04"]
[WhiteTeam "4 Gems"]
[BlackTeam "Warwickshire Bears C"]

1. e4 e5 2. Nf3 Nc6 3. d4 exd4 4. Nxd4 Nf6 5. Nxc6 bxc6 6. Nc3 g6 7. Bg5 Bg7 8.
e5 O-O 9. exf6 Bxf6 10. Bxf6 Qxf6 11. Be2 Re8 12. O-O c5 13. Re1 d6 14. Rb1 Bb7
15. Bf3 Rxe1+ 16. Qxe1 Bxf3 17. gxf3 Qxf3 18. Qf1 Rf8 19. Qe2 Qf5 20. Qe4 Qg5+
21. Kh1 Rc8 22. Nd5 Kf8 23. Re1 Kg7 24. Ne3 c6 25. Qg4 Qxg4 26. Nxg4 h5 27. Ne3
d5 28. Kg2 Re8 29. Nf5+ gxf5 30. Rxe8 Kf6 31. Ra8 d4 32. Rxa7 Ke5 33. Re7+ Kf6
34. Rd7 Ke6 35. Rc7 Kd6 36. Rxf7 Ke6 37. Rf8 Ke5 38. Rd8 Ke6 39. a4 Ke7 40. Rh8
Kd7 41. a5 Kc7 42. Rxh5 Kb7 43. Rxf5 Ka6 44. Rxc5 Kb7 45. h4 d3 46. cxd3 Ka6
47. h5 Kb7 48. h6 Ka6 49. h7 Kb7 50. h8=Q Ka6 51. Qa8# 1-0

[Event "Junior Online 4NCL Division 3"]
[Site "online"]
[Date "2020.06.04"]
[Round "8.73"]
[White "Patel, Keatan"]
[Black "Rizvi, Aysha"]
[Result "1/2-1/2"]
[WhiteElo "1367"]
[BlackElo "1345"]
[PlyCount "137"]
[EventDate "2020.06.04"]
[WhiteTeam "Warwickshire Bears C"]
[BlackTeam "4 Gems"]

1. e4 c5 2. Nf3 d6 3. Bc4 Nf6 4. O-O g6 5. e5 dxe5 6. Nxe5 e6 7. Bb5+ Bd7 8.
Nxd7 Nbxd7 9. d4 cxd4 10. Qxd4 Bg7 11. Bxd7+ Qxd7 12. Qxd7+ Nxd7 13. Rd1 Nf6
14. c3 O-O 15. Bg5 Rad8 16. Na3 Rd7 17. Bxf6 Rxd1+ 18. Rxd1 Bxf6 19. Nc4 Rd8
20. Rxd8+ Bxd8 21. g3 Kg7 22. f4 Kf6 23. Kf2 Kf5 24. Ke3 Kg4 25. Ne5+ Kh3 26.
Nxf7 Bb6+ 27. Kf3 Kxh2 28. Ng5 h6 29. Nxe6 Kh3 30. Nf8 g5 31. fxg5 hxg5 32. Ne6
Kh2 33. Nxg5 Bc7 34. Ne4 Kh3 35. g4 Be5 36. g5 Kh4 37. g6 Kh5 38. Nc5 b6 39.
Ke4 Bd6 40. Nd3 Kxg6 41. Ne5+ Kf6 42. Nd7+ Ke6 43. Nf8+ Kf7 44. Nd7 Ke7 45. Ne5
Ke6 46. Nc6 a5 47. Nd4+ Kd7 48. Kd5 Bc5 49. a4 Be7 50. Nc6 Bc5 51. Nxa5 bxa5
52. Kxc5 Kc7 53. Kb5 Kd6 54. c4 Kc7 55. c5 Kb7 56. c6+ Kc7 57. b3 Kc8 58. Kc5
Kc7 59. b4 axb4 60. Kxb4 Kxc6 61. a5 Kb7 62. Kb5 Ka7 63. a6 Ka8 64. Kb6 Kb8 65.
Ka5 Ka7 66. Kb5 Ka8 67. Kb6 Kb8 68. Ka5 Ka7 69. Kb5 1/2-1/2

[Event "Junior Online 4NCL Division 3"]
[Site "online"]
[Date "2020.06.04"]
[Round "8.74"]
[White "Rizvi, Zara"]
[Black "Alexander, Ryan"]
[Result "0-1"]
[WhiteElo "1360"]
[BlackElo "1352"]
[PlyCount "78"]
[EventDate "2020.06.04"]
[WhiteTeam "4 Gems"]
[BlackTeam "Warwickshire Bears C"]

1. d4 d5 2. c4 Nf6 3. Nc3 e6 4. Bg5 Bb4 5. Nf3 O-O 6. e3 Nbd7 7. Bd3 h6 8. Bxf6
Nxf6 9. O-O Re8 10. Qc2 Bd6 11. Rfe1 Bd7 12. Rad1 c6 13. e4 Qc7 14. e5 Ne4 15.
exd6 Nxd6 16. cxd5 cxd5 17. Rc1 Rac8 18. Qd2 a6 19. Ne5 Bb5 20. Bxb5 axb5 21.
Nxb5 Qb6 22. Nxd6 Qxd6 23. Rc2 Ra8 24. a3 b5 25. Rc6 Qe7 26. Rc3 Ra4 27. Nc6
Qh4 28. Rd1 Rc8 29. Ne7+ Qxe7 30. Rxc8+ Kh7 31. Qc2+ g6 32. Rc7 Qf6 33. Rd3 Rc4
34. Rxc4 bxc4 35. Rf3 Qe7 36. b4 Qa7 37. Qb2 Kg8 38. b5 Qa5 39. b6 Qe1# 0-1

[Event "Junior Online 4NCL Division 3"]
[Site "online"]
[Date "2020.06.04"]
[Round "8.75"]
[White "Whelan, Joseph"]
[Black "Xia, Weiquan"]
[Result "1-0"]
[WhiteElo "1547"]
[BlackElo "1480"]
[PlyCount "71"]
[EventDate "2020.06.04"]
[WhiteTeam "4 Gems"]
[BlackTeam "Warwickshire Bears C"]

1. e4 Nc6 2. Nf3 d6 3. Bc4 e5 4. c3 Nf6 5. d4 Nxe4 6. dxe5 dxe5 7. Qxd8+ Nxd8
8. Nxe5 Bd6 9. Nf3 O-O 10. O-O Nf6 11. Bg5 Be7 12. Re1 Nc6 13. Bb5 Nd5 14. Bxc6
Bxg5 15. Bxd5 Bf6 16. Nbd2 Bf5 17. Bxb7 Rab8 18. Be4 Bxe4 19. Nxe4 Rxb2 20.
Nxf6+ gxf6 21. Reb1 Rc2 22. Rc1 Rb2 23. Nd4 Rb6 24. Rcb1 Rc6 25. Nxc6 a6 26.
Ne7+ Kh8 27. Rb3 Re8 28. Re1 Rg8 29. Nxg8 Kxg8 30. Rb8+ Kg7 31. Ree8 Kh6 32.
Rg8 f5 33. Rb4 f4 34. Rxf4 Kh5 35. g3 h6 36. Rh4# 1-0

[Event "Junior Online 4NCL Division 3"]
[Site "online"]
[Date "2020.06.04"]
[Round "8.76"]
[White "Vas, Ethan"]
[Black "Gogia, Abeer"]
[Result "0-1"]
[WhiteElo "1412"]
[BlackElo "1427"]
[PlyCount "58"]
[EventDate "2020.06.04"]
[WhiteTeam "Warwickshire Bears C"]
[BlackTeam "4 Gems"]

1. c4 e6 2. Nc3 d5 3. cxd5 exd5 4. g3 Nf6 5. Bg2 c6 6. e3 Bd6 7. Nge2 Be6 8.
O-O O-O 9. d4 Nbd7 10. Nf4 Bxf4 11. exf4 Re8 12. Be3 Bf5 13. b4 Ne4 14. Nxe4
Bxe4 15. Bxe4 Rxe4 16. Qc2 Nb6 17. a4 Nc4 18. b5 Rc8 19. b6 axb6 20. f3 Nxe3
21. Qb1 Nxf1 22. Qxf1 Rxd4 23. Qc1 b5 24. axb5 cxb5 25. Qb2 Qb6 26. Kg2 Rdc4
27. Kh3 Qe6+ 28. Kh4 Qf6+ 29. Kh3 Qxb2 0-1

[Event "Junior Online 4NCL Division 3"]
[Site "online"]
[Date "2020.06.04"]
[Round "8.77"]
[White "Rizvi, Aysha"]
[Black "Patel, Keatan"]
[Result "1-0"]
[WhiteElo "1345"]
[BlackElo "1367"]
[PlyCount "145"]
[EventDate "2020.06.04"]
[WhiteTeam "4 Gems"]
[BlackTeam "Warwickshire Bears C"]

1. c4 c5 2. g3 b6 3. Bg2 Nc6 4. Nf3 Bb7 5. O-O Qc7 6. Nc3 O-O-O 7. Ng5 Nh6 8.
d3 f6 9. Nge4 Nd4 10. e3 f5 11. exd4 fxe4 12. dxe4 d6 13. Bh3+ Kb8 14. dxc5
dxc5 15. Qe2 g6 16. Bf4 Rd6 17. Bxd6 Qxd6 18. Rfd1 Qf6 19. Nb5 Bg7 20. Qd3 e6
21. Qc2 a6 22. Nc3 Rf8 23. Rf1 Qg5 24. Qc1 Qh5 25. Bg2 Ng4 26. h3 Nf6 27. Qf4+
Kc8 28. Qh4 Qxh4 29. gxh4 h6 30. e5 Bxg2 31. exf6 Bxf6 32. Kxg2 Bxh4 33. Rae1
Re8 34. Re4 Bf6 35. Rd1 e5 36. Rd6 Rf8 37. Rxb6 g5 38. Rxa6 Kb7 39. Re6 Kc7 40.
Nd5+ Kd7 41. Ra6 Bd8 42. Rxe5 Kc8 43. Ra7 Kb8 44. Rh7 Kc8 45. Nc3 Bf6 46. Rxc5+
Kd8 47. Ra5 Ke8 48. Ra8+ Bd8 49. Nb5 h5 50. Nd4 Rf6 51. c5 Rf7 52. Rxf7 Kxf7
53. c6 Kf6 54. Nb5 Ba5 55. c7 Bxc7 56. Nxc7 Kf5 57. Ra5+ Kg6 58. Re5 Kf6 59.
Rd5 Ke7 60. b4 h4 61. b5 g4 62. b6 gxh3+ 63. Kxh3 Kf6 64. Kxh4 Kg7 65. b7 Kg6
66. b8=Q Kf6 67. Ne6 Kxe6 68. Ra5 Ke7 69. Qb6 Kd7 70. Ra7+ Kc8 71. Qg6 Kb8 72.
Rh7 Ka8 73. Qg8# 1-0

[Event "Junior Online 4NCL Division 3"]
[Site "online"]
[Date "2020.06.04"]
[Round "8.78"]
[White "Alexander, Ryan"]
[Black "Rizvi, Zara"]
[Result "1-0"]
[WhiteElo "1352"]
[BlackElo "1360"]
[PlyCount "45"]
[EventDate "2020.06.04"]
[WhiteTeam "Warwickshire Bears C"]
[BlackTeam "4 Gems"]

1. e4 c5 2. Nf3 d6 3. Nc3 Nf6 4. Bc4 g6 5. O-O Bg7 6. Re1 O-O 7. d4 cxd4 8.
Nxd4 Nc6 9. Nf3 Bg4 10. h3 Bd7 11. Be3 Rc8 12. Qd2 Ne5 13. Be2 Nc4 14. Bxc4
Rxc4 15. Bh6 Bc6 16. b3 Nxe4 17. Nxe4 Rxe4 18. Bxg7 Rxe1+ 19. Rxe1 Kxg7 20. Ng5
f6 21. Ne6+ Kg8 22. Nxd8 Rxd8 23. Rxe7 1-0

[Event "Junior Online 4NCL Division 3"]
[Site "online"]
[Date "2020.06.04"]
[Round "8.81"]
[White "Baber, Sanjit"]
[Black "Ray, Hiya"]
[Result "0-1"]
[WhiteElo "1540"]
[BlackElo "1823"]
[PlyCount "110"]
[EventDate "2020.06.04"]
[WhiteTeam "Wey 1"]
[BlackTeam "St John's College A"]

1. d4 Nf6 2. e3 g6 3. c4 c5 4. Nf3 Bg7 5. Nc3 O-O 6. Bd3 d5 7. cxd5 cxd4 8.
Nxd4 Nxd5 9. Nxd5 Qxd5 10. Nf3 Rd8 11. Be2 Qa5+ 12. Bd2 Qb6 13. Rb1 Bf5 14. Rc1
Qxb2 15. a4 Nc6 16. O-O Rd7 17. Qe1 Rad8 18. Bc3 Bxc3 19. Qxc3 Qxe2 20. Qe1 Qa6
21. Ra1 Bd3 22. Rd1 Bxf1 23. Rxd7 Rxd7 24. Qxf1 Qxf1+ 25. Kxf1 Rd1+ 26. Ke2 Ra1
27. Nd2 Rxa4 28. Nb3 Ra2+ 29. Kf3 a5 30. Nc5 b6 31. Nd7 a4 32. Nxb6 a3 33. Nc4
Ra1 34. Ke2 a2 35. Kf3 Rc1 36. Nd2 a1=Q 37. Nb3 Qf6+ 38. Kg3 Qg5+ 39. Kf3 Ne5+
40. Ke2 Qxg2 41. Nxc1 Qf3+ 42. Kd2 Qxf2+ 43. Ne2 Ng4 44. Kd3 Qxe3+ 45. Kc4 Ne5+
46. Kd5 Qxe2 47. h4 e6+ 48. Kd6 Nc4+ 49. Kc6 Qd3 50. Kc5 Ne5 51. Kb6 Qc4 52.
Kb7 Qc6+ 53. Ka7 Nd7 54. h5 Qb6+ 55. Ka8 Qb8# 0-1

[Event "Junior Online 4NCL Division 3"]
[Site "online"]
[Date "2020.06.04"]
[Round "8.82"]
[White "Choudhury, Anish"]
[Black "Doyle, Joshua"]
[Result "1-0"]
[WhiteElo "1448"]
[BlackElo "1600"]
[PlyCount "93"]
[EventDate "2020.06.04"]
[WhiteTeam "St John's College A"]
[BlackTeam "Wey 1"]

1. e4 e5 2. Nf3 Nc6 3. Bc4 Nf6 4. d3 Bc5 5. Nc3 O-O 6. Bg5 h6 7. Bh4 Be7 8. Nd5
Nxd5 9. Bxe7 Ndxe7 10. Qd2 d5 11. exd5 Nxd5 12. h3 Re8 13. O-O-O e4 14. dxe4
Rxe4 15. Bxd5 Re6 16. Bxe6 Qxd2+ 17. Rxd2 Bxe6 18. b4 Nxb4 19. Nd4 Nxa2+ 20.
Kb2 Nb4 21. Nxe6 fxe6 22. Rd7 Nd5 23. Re1 Re8 24. c4 Nb6 25. Rxc7 e5 26. f4 e4
27. Kc3 Na4+ 28. Kd4 Rd8+ 29. Ke5 Re8+ 30. Kf5 Rf8+ 31. Kg4 g6 32. Rxe4 h5+ 33.
Kf3 Nc3 34. Ree7 Rd8 35. Rg7+ Kh8 36. Rh7+ Kg8 37. Rcg7+ Kf8 38. Rh8+ Kxg7 39.
Rxd8 a5 40. Rd7+ Kh6 41. Rxb7 a4 42. c5 a3 43. c6 Nd5 44. Ra7 Nb4 45. c7 a2 46.
c8=Q Nc2 47. Qh8# 1-0

[Event "Junior Online 4NCL Division 3"]
[Site "online"]
[Date "2020.06.04"]
[Round "8.83"]
[White "Mokhber-Garcia, Sebastian"]
[Black "Nukalapati, Sarthak"]
[Result "0-1"]
[WhiteElo "1465"]
[BlackElo "1322"]
[PlyCount "130"]
[EventDate "2020.06.04"]
[WhiteTeam "Wey 1"]
[BlackTeam "St John's College A"]

1. e4 e5 2. d4 exd4 3. Qxd4 Nc6 4. Qa4 Nf6 5. Nc3 d5 6. Bb5 Bd7 7. exd5 Ne5 8.
Bf4 Ng6 9. Bg5 a6 10. Bxd7+ Qxd7 11. Bxf6 Qxa4 12. Nxa4 gxf6 13. O-O-O O-O-O
14. Nc5 Bxc5 15. f3 Be3+ 16. Kb1 Rd7 17. Ne2 Bb6 18. Ng3 Rhd8 19. Ne4 f5 20.
Nf6 Rd6 21. Nxh7 Be3 22. h4 Rh8 23. Ng5 Bxg5 24. hxg5 Rxh1 25. Rxh1 Rd8 26. c4
Rh8 27. Rh6 b6 28. Kc2 Kd7 29. b4 c6 30. dxc6+ Kxc6 31. g3 b5 32. c5 Kd7 33.
Kb3 Kc6 34. f4 Kd7 35. a4 bxa4+ 36. Kxa4 Kc6 37. Rxh8 Nxh8 38. Ka5 Kb7 39. b5
axb5 40. Kxb5 Ng6 41. c6+ Kc7 42. Kc5 Ne7 43. Kb5 Nxc6 44. Kc4 Kd6 45. Kd3 Ne7
46. Ke3 Ke6 47. Kf3 Nd5 48. g4 fxg4+ 49. Kxg4 Ne7 50. Kg3 Kf5 51. Kf3 Ng6 52.
Kg3 Nxf4 53. Kh4 Ng6+ 54. Kh5 Nf4+ 55. Kh6 Nh3 56. Kh5 Nxg5 57. Kh4 Kf4 58. Kh5
f5 59. Kg6 Kg4 60. Kf6 f4 61. Ke5 f3 62. Kd4 Kg3 63. Kd3 Kg2 64. Kd2 f2 65. Ke2
f1=Q+ 0-1

[Event "Junior Online 4NCL Division 3"]
[Site "online"]
[Date "2020.06.04"]
[Round "8.84"]
[White "Dantu, Sridatta"]
[Black "Guo James, Jintian"]
[Result "0-1"]
[WhiteElo "1368"]
[BlackElo "1457"]
[PlyCount "34"]
[EventDate "2020.06.04"]
[WhiteTeam "St John's College A"]
[BlackTeam "Wey 1"]

1. e4 e6 2. d4 d5 3. e5 c5 4. Nf3 Nc6 5. Be3 Qb6 6. Qc1 cxd4 7. Nxd4 Nxd4 8.
Bxd4 Qxd4 9. Be2 Bc5 10. O-O Ne7 11. Qd2 Qxb2 12. Qc3 Bd4 13. Bb5+ Kf8 14. Qc7
Qxb5 15. Qd8+ Qe8 16. Qxe8+ Kxe8 17. Rd1 Bxa1 0-1

[Event "Junior Online 4NCL Division 3"]
[Site "online"]
[Date "2020.06.04"]
[Round "8.85"]
[White "Ray, Hiya"]
[Black "Baber, Sanjit"]
[Result "1-0"]
[WhiteElo "1823"]
[BlackElo "1540"]
[PlyCount "53"]
[EventDate "2020.06.04"]
[WhiteTeam "St John's College A"]
[BlackTeam "Wey 1"]

1. d4 Nf6 2. c4 e6 3. Nf3 c5 4. g3 Nc6 5. d5 exd5 6. cxd5 Nb4 7. Nc3 b6 8. e4
d6 9. a3 Na6 10. Bxa6 Bxa6 11. Qa4+ Qd7 12. Qxa6 Qg4 13. Qb5+ Ke7 14. Qd3 Rc8
15. e5 Nd7 16. exd6+ Kxd6 17. Bf4+ Ke7 18. Qe4+ Kd8 19. Bg5+ Qxg5 20. Nxg5 Nf6
21. Nxf7+ Kd7 22. Qa4+ Ke7 23. Qxa7+ Ke8 24. O-O Rd8 25. Rae1+ Ne4 26. Rxe4+
Be7 27. Qxe7# 1-0

[Event "Junior Online 4NCL Division 3"]
[Site "online"]
[Date "2020.06.04"]
[Round "8.86"]
[White "Doyle, Joshua"]
[Black "Choudhury, Anish"]
[Result "0-1"]
[WhiteElo "1600"]
[BlackElo "1448"]
[PlyCount "80"]
[EventDate "2020.06.04"]
[WhiteTeam "Wey 1"]
[BlackTeam "St John's College A"]

1. d4 d5 2. Bf4 Bf5 3. Nc3 Nf6 4. Nb5 Na6 5. e3 c5 6. a4 e6 7. c4 Qa5+ 8. Qd2
Qxd2+ 9. Kxd2 Ne4+ 10. Ke2 cxd4 11. cxd5 d3+ 12. Kf3 Nd2+ 13. Kg3 Nxf1+ 14.
Rxf1 Rc8 15. Bd6 Nc5 16. Bxf8 Ne4+ 17. Kf4 g5+ 18. Ke5 f6+ 19. Kd4 e5+ 20. Kxd3
Ng3+ 21. Kd2 Rc2+ 22. Kd1 Nxf1 23. Nd6+ Kxf8 24. Nxf5 Rxb2 25. Nf3 Nxe3+ 26.
Nxe3 Rb1+ 27. Ke2 Rxh1 28. Ng4 Ke7 29. Nh6 Rd8 30. Nf5+ Kf7 31. d6 Ra1 32. Nd2
Rxa4 33. Nh6+ Kg6 34. Ng4 Rxd6 35. Nf3 Rxg4 36. g3 Re4+ 37. Kf1 Rd1+ 38. Kg2 g4
39. Nh4+ Kg5 40. f3 Re2# 0-1

[Event "Junior Online 4NCL Division 3"]
[Site "online"]
[Date "2020.06.04"]
[Round "8.87"]
[White "Nukalapati, Sarthak"]
[Black "Mokhber-Garcia, Sebastian"]
[Result "1-0"]
[WhiteElo "1322"]
[BlackElo "1465"]
[PlyCount "137"]
[EventDate "2020.06.04"]
[WhiteTeam "St John's College A"]
[BlackTeam "Wey 1"]

1. e4 e5 2. Nf3 Nc6 3. Nc3 Nf6 4. d4 d5 5. dxe5 dxe4 6. Qxd8+ Kxd8 7. Ng5 Nxe5
8. Ncxe4 Nxe4 9. Nxe4 Bf5 10. Ng3 Bxc2 11. Be2 Bb4+ 12. Bd2 Bxd2+ 13. Kxd2 Bg6
14. Rhd1 Ke7 15. Rac1 Rhd8+ 16. Ke1 Rxd1+ 17. Rxd1 Rd8 18. Rxd8 Kxd8 19. Kd2
Ke7 20. f4 Nc6 21. f5 Bxf5 22. Nxf5+ Kf6 23. Ng3 Nb4 24. a3 Nd5 25. Bf3 c6 26.
Ne4+ Ke5 27. Ng5 f6 28. Nxh7 Nf4 29. g3 Ne6 30. h4 Kf5 31. h5 Ke5 32. Ke3 a5
33. Bg4 b5 34. Bxe6 Kxe6 35. Nf8+ Kd5 36. g4 c5 37. Nd7 b4 38. axb4 cxb4 39.
Nxf6+ Ke6 40. Ne4 Ke5 41. Nc5 Kd5 42. Nd3 Kc4 43. g5 a4 44. Kd2 a3 45. Nxb4
axb2 46. Kc2 Kxb4 47. Kxb2 Kc5 48. h6 gxh6 49. gxh6 Kd6 50. h7 Ke6 51. h8=Q Kf7
52. Qd8 Ke6 53. Kc3 Kf7 54. Kd4 Ke6 55. Qe8+ Kd6 56. Ke4 Kc5 57. Ke5 Kc4 58.
Qd8 Kc3 59. Ke4 Kc2 60. Ke3 Kc1 61. Ke2 Kc2 62. Qc8+ Kb3 63. Kd3 Kb4 64. Kd4
Kb3 65. Kd3 Kb4 66. Kd4 Kb3 67. Qc3+ Ka4 68. Qb2 Ka5 69. Kc5 1-0